Graphical user interface / (Record no. 133293)

MARC details
000 -LEADER
fixed length control field 00697nam a22002297a 4500
005 - DATE AND TIME OF LATEST TRANSACTION
control field 20170124110207.0
010 ## - LIBRARY OF CONGRESS CONTROL NUMBER
LC control number B-181214
020 ## - INTERNATIONAL STANDARD BOOK NUMBER
Terms of availability 00.00
International Standard Book Number 8180960218
035 ## - SYSTEM CONTROL NUMBER
System control number B-181214
037 ## - SOURCE OF ACQUISITION
Source of stock number/acquisition Cen Lib/Ret
040 ## - CATALOGING SOURCE
Original cataloging agency DPL
Language of cataloging EN
082 ## - DEWEY DECIMAL CLASSIFICATION NUMBER
Classification number 005.43
Item number DIM
100 ## - MAIN ENTRY--PERSONAL NAME
Personal name Dimri, S.C.
9 (RLIN) 37505
245 ## - TITLE STATEMENT
Title Graphical user interface /
Statement of responsibility, etc by S.C. Dimri
260 ## - PUBLICATION, DISTRIBUTION, ETC. (IMPRINT)
Place of publication, distribution, etc New Delhi
Name of publisher, distributor, etc Saloni publications house
Date of publication, distribution, etc 2004
270 ## - ADDRESS
Address 4675/21, Ansari road, Daryagnj
City New Delhi
Postal code 110002
300 ## - PHYSICAL DESCRIPTION
Extent 243p.
Dimensions 20cm(Hb)
500 ## - GENERAL NOTE
General note Includes index
650 ## - SUBJECT ADDED ENTRY--TOPICAL TERM
Topical term or geographic name as entry element Computer science
9 (RLIN) 37506
650 ## - SUBJECT ADDED ENTRY--TOPICAL TERM
Topical term or geographic name as entry element Graphic user interface
General subdivision Computer system
9 (RLIN) 37507
942 ## - ADDED ENTRY ELEMENTS (KOHA)
Source of classification or shelving scheme Dewey Decimal Classification
Koha item type English Books
Classification part 005.43
Call number suffix DIM
Holdings
Withdrawn status Lost status Damaged status Not for loan Home library Current library Date acquired Source of acquisition Cost, normal purchase price Total Checkouts Full call number Barcode Date last seen Copy number Cost, replacement price Price effective from Koha item type
        Central Library Central Library 25/07/2015 Cen Lib/Ret 0.00   005.43 DIM B-181214 25/07/2015 1 0.00 25/07/2015 English Books

© Delhi Public Library
Hit Counter
free hit counter